Najpopularniejsze zwierzęta domowe - Statystyki

Ogólne statystyki
  • Ten quiz został rozwiązany 205 razy
  • Średni wynik to 8 z 11
Statystyki odpowiedzi
Miejsce Zwierzę % Poprawnych
2 Kot
100%
1 Pies
100%
8 Chomik
94%
5 Ryby
88%
10 Papuga
82%
4 Świnka morska
82%
11 Wąż/Jaszczurka
80%
6 Królik
76%
9 Gryzonie
73%
3 Kanarek
44%
7 Fretka
22%
Nie znaleziono quizów pasujących do podanych kryteriów
Rozkład punktacji
Procent ludzi z każdym wynikiem
Percentyl według liczby udzielonych odpowiedzi
Twoja historia wyników
Nie rozwiązałeś tego quizu